| 000 | 00495nam a2200229Ia 4500 | ||
|---|---|---|---|
| 003 | IT-RoPAU | ||
| 008 | 120407s9999 xx 000 0 und d | ||
| 040 | _aIT-RoPAU | ||
| 040 | _cIT-RoPAU | ||
| 041 | _aita | ||
| 100 | _aLuigi Santucci | ||
| 245 | _aIl ballo della sposa | ||
| 250 | _aCinisello Balsamo | ||
| 260 | _aEdizioni Paoline | ||
| 260 | _c1985 | ||
| 300 | _a134 p. | ||
| 300 | _c22 cm | ||
| 490 | _aI dodici dello Zodiaco | ||
| 490 | _v2 | ||
| 942 | _cBK | ||
| 999 |
_c25283 _d25283 |
||